000
00198 a2200097 4500
001
4132
100
_a
Ferris,C.D
245
_a
Linear network theory
260
_a
_b
Merrill
_c
090
_c
3349
_d
3349
942
_a
NUST-CAE
_c
M
_c
26102
999
_c
239205
_d
239205